000 00260 a2200097 4500
001 23151
100 _aAfzal, M R
245 _aSelected Speeches & Statements of the Quaid-i-Azam M A Junnah
260 _a
_bResearch Society of Pak
_c1966
090 _c15691
_d15691
942 _aNUST-CAE
_cM
_c6326
999 _c258224
_d258224